Bowling for Over-Zealous Authors Quiz Stats

 Plays Quiz not verified by Sporcle

Challenge
Share
Tweet
Embed
Score 0/50 Timer 08:00
0 Plays Today
% Correct
And Then There Were None
92.4%
Death on the Nile
91.1%
Murder on the Orient Express
89.9%
The Murder of Roger Ackroyd
83.5%
Jurassic Park
82.3%
The Andromeda Strain
82.3%
Along Came a Spider
77.2%
Sleeping Murder
73.4%
Five Little Pigs
72.2%
Kiss the Girls
69.6%
The Moving Finger
68.4%
I, Alex Cross
67.1%
Congo
65.8%
Ordeal by Innocence
65.8%
Have Space Suit - Will Travel
64.6%
Crooked House
62%
Starship Troopers
60.8%
1st to Die
58.2%
Disclosure
57%
Stranger in a Strange Land
55.7%
The Moon is a Harsh Mistress
55.7%
Rising Sun
54.4%
Curtain
54.4%
Sphere
53.2%
Red Planet
53.2%
% Correct
Demon Child
51.9%
The Big Bad Wolf
50.6%
Four Blind Mice
48.1%
The Great Train Robbery
46.8%
The Terminal Man
46.8%
Eaters of the Dead
41.8%
Watchers
41.8%
The Puppet Masters
41.8%
I, Michael Bennett
41.8%
Phantoms
40.5%
The Angel Experiment
40.5%
I Will Fear No Evil
38%
Odd Thomas
36.7%
The Good Guy
35.4%
Intensity
35.4%
The Number of the Beast
35.4%
Time Thieves
34.2%
Time Enough for Love
32.9%
The Dangerous Days of Daniel X
31.6%
Breathless
29.1%
The Taking
29.1%
Soft Come the Dragons
26.6%
Glory Road
22.8%
Witch and Wizard
20.3%
Electronic Life
15.2%

You're not logged in!

Compare scores with friends on all Sporcle quizzes.
OR
Log In

You Might Also Like...

Show Comments

Extras

Top Quizzes Today


Score Distribution

Your Account Isn't Verified!

In order to create a playlist on Sporcle, you need to verify the email address you used during registration. Go to your Sporcle Settings to finish the process.

Report this User

Report this user for behavior that violates our Community Guidelines.

Details: